Loading...
| Philosophy | 0 | 8 | 0 | 2 | 80 | 78 | 96.63 | 0 | 2 | 21.76 | 55.75 |
| Social Science | 0 | 4 | 1 | 0 | 35 | 58 | 68.75 | 1 | 3 | 17.26 | 38.00 |
| Literature - World/Other | 0 | 3 | 0 | 0 | 30 | 85 | 106.33 | 0 | 0 | 7.48 | 14.00 |
| Literature - European | 0 | 3 | 1 | 1 | 25 | 121 | 129.67 | 0 | 0 | 2.11 | 9.00 |
| History - European | 0 | 2 | 0 | 0 | 20 | 85 | 92.00 | 0 | 1 | 4.59 | 12.00 |
| Fine Arts - Classical Music | 0 | 2 | 0 | 0 | 20 | 83 | 85.00 | 0 | 0 | 5.41 | 10.00 |
| Mythology | 0 | 2 | 0 | 0 | 20 | 87 | 101.00 | 0 | 0 | 7.35 | 8.00 |
| Other Academic | 0 | 2 | 0 | 1 | 20 | 65 | 85.50 | 1 | 1 | 19.67 | 36.67 |
| History - American | 0 | 2 | 0 | 0 | 20 | 59 | 63.50 | 0 | 2 | 9.56 | 17.00 |
| Science - Physics | 0 | 2 | 0 | 0 | 20 | 119 | 122.50 | 0 | 1 | 0.00 | 5.75 |
| Literature - British | 0 | 2 | 0 | 0 | 20 | 130 | 135.00 | 0 | 0 | -0.15 | 4.00 |
| History - World | 0 | 2 | 1 | 1 | 15 | 97 | 104.50 | 0 | 0 | 3.02 | 8.00 |
| Science - Other | 0 | 1 | 0 | 0 | 10 | 98 | 98.00 | 0 | 0 | 2.10 | 7.00 |
| History - Other | 0 | 1 | 1 | 0 | 5 | 80 | 80.00 | 0 | 1 | 3.75 | 6.00 |
| Geography/Current Events | 0 | 1 | 1 | 0 | 5 | 82 | 82.00 | 0 | 1 | 6.39 | 15.00 |
| Science - Chemistry | 0 | 0 | 1 | 0 | -5 | 0.00 | 0 | 0 | 0.00 | 0.00 |